Missing Word: Bad Movies Quiz Stats

 Plays Quiz Updated Sep 11, 2017

Challenge
Share
Tweet
Embed
Score 0/18 Timer 05:00
1 Play Today
Movie Missing Word % Correct
Mr. & Mrs. _____Smith
93.4%
She's _____ ThatAll
91.2%
Bruce _____Almighty
88.6%
Valentine's _____Day
88%
_____ on the RangeHome
86%
The _____ CompassGolden
81.6%
Sucker _____Punch
79.8%
_____ of ChuckyBride
78.8%
Jack the _____ SlayerGiant
76.2%
Movie Missing Word % Correct
Snow White and the _____Huntsman
73.8%
Hansel and Gretel: _____ HuntersWitch
69.3%
_____ ImpactDeep
64.1%
The Heartbreak _____Kid
63.8%
Joe Versus the _____Volcano
62.3%
Pirates of the Caribbean: On _____ TidesStranger
60.6%
X-Men _____-WolverineOrigins
57.9%
A Little _____ of HeavenBit
55%
_____ FluxAeon
51.2%

Today's Daily Dose

You're not logged in!

Compare scores with friends on all Sporcle quizzes.
Join for Free
OR
Log In

You Might Also Like...

Show Comments

Extras

Top Quizzes Today


Score Distribution

Your Account Isn't Verified!

In order to create a playlist on Sporcle, you need to verify the email address you used during registration. Go to your Sporcle Settings to finish the process.

Report this User

Report this user for behavior that violates our Community Guidelines.

Details: